000 00602nam a22002055i 4500
001 53298
003 ES-MaACL
005 20250716091804.0
007 t|
008 950913s1891 fr ||||1| fre d
040 _aCAM
_bspa
_cCAM
100 1 _aLorrain, Jean.
_974232
245 1 0 _aSonyeuse
_b: soirs de province: soirs de Paris /
_cJean Lorrain.
260 _aParis :
_b[s.n.],
_c1891 (
_fF. Imbert)
300 _a[4], 290 p. ;
_c18 cm.
490 1 _aBibliothèque Charpentier
830 0 0 _aBibliothèque Charpentier
_9182245
852 _aES-MaACL
_jF-1348
999 _c53298
_d53298